Transfer of Property Act 1882 (Record no. 34756)

MARC details
000 -LEADER
fixed length control field 00386nam a22001457a 4500
005 - DATE AND TIME OF LATEST TRANSACTION
control field 20231205101103.0
008 - FIXED-LENGTH DATA ELEMENTS--GENERAL INFORMATION
fixed length control field 231205b |||||||| |||| 00| 0 eng d
082 ## - DEWEY DECIMAL CLASSIFICATION NUMBER
Classification number 346.540
Item number RIZ
100 ## - MAIN ENTRY--AUTHOR
Author Name Aatir Rizvi
245 ## - TITLE STATEMENT
Title Transfer of Property Act 1882
Remainder of title Understanding
260 ## - PUBLICATION, DISTRIBUTION, ETC.
Place of Publication Lahore
Name of publisher, distributor, etc. Muttaqi Printers
Date of publication, distribution, etc. 2013
300 ## - PHYSICAL DESCRIPTION
Pages 228
650 ## - SUBJECT ADDED ENTRY--TOPICAL TERM
Subject / Department Social Sciences/Law
245 ## - TITLE STATEMENT
-- English
952 ## - LOCATION AND ITEM INFORMATION (KOHA)
-- 0
-- 0
Holdings
Lost status Damaged status Collection code Permanent Location Current Location Date acquired Accession No./Barcode Date last seen item type Koha item type
    Law Superior Information Resource Center (SIRC) Superior University - City Campus Superior Information Resource Center (SIRC) Superior University - City Campus 12/05/2023 28167 12/05/2023 BOOK BOOK

Powered by Koha